00589cam a2200205ua 4500001000400000008003900004040000900043082001100052245004200063250001000105260003800115300001700153653002200170653002800192700001600220700001500236942000700251999001300258952011200271560110407n ii |||gr||||Z||||||eng cMAIN a327.541 aForeign policy of Indiacby U.R. Ghai a10th. aJalandhar:bNew academic ,c2007. a496P:c35cm. aPolitical science aForeign policy of India aGhai, U.R., aK.K. Ghai. cBK c497d497 00104070aMAINbMAINcGEN | 2d2020-09-19l0o327.54 | GHAp17347r2020-09-19 00:00:00t1w2020-09-19yBK